<?xml version="1.0" encoding="UTF-8"?><?xml-stylesheet type="text/xsl" href="static/style.xsl"?><OAI-PMH xmlns="http://www.openarchives.org/OAI/2.0/" xmlns:xsi="http://www.w3.org/2001/XMLSchema-instance" xsi:schemaLocation="http://www.openarchives.org/OAI/2.0/ http://www.openarchives.org/OAI/2.0/OAI-PMH.xsd"><responseDate>2026-06-02T22:43:58Z</responseDate><request verb="GetRecord" identifier="oai:riuma.uma.es:10630/26591" metadataPrefix="marc">https://riuma.uma.es/rest/oai/request</request><GetRecord><record><header><identifier>oai:riuma.uma.es:10630/26591</identifier><datestamp>2026-02-03T10:22:01Z</datestamp><setSpec>com_10630_1685</setSpec><setSpec>col_10630_38055</setSpec></header><metadata><record xmlns="http://www.loc.gov/MARC21/slim" xmlns:dcterms="http://purl.org/dc/terms/" xmlns:doc="http://www.lyncode.com/xoai" xmlns:xsi="http://www.w3.org/2001/XMLSchema-instance" xsi:schemaLocation="http://www.loc.gov/MARC21/slim http://www.loc.gov/standards/marcxml/schema/MARC21slim.xsd">
   <leader>00925njm 22002777a 4500</leader>
   <datafield ind2=" " ind1=" " tag="042">
      <subfield code="a">dc</subfield>
   </datafield>
   <datafield ind2=" " ind1=" " tag="720">
      <subfield code="a">Khalifi, Leila</subfield>
      <subfield code="e">author</subfield>
   </datafield>
   <datafield ind2=" " ind1=" " tag="260">
      <subfield code="c">2023</subfield>
   </datafield>
   <datafield ind2=" " ind1=" " tag="520">
      <subfield code="a">Este trabajo aborda el análisis del Ingreso Mínimo Vital (IMV), la renta mínima&#xd;
garantizada por la Seguridad social para aquellos que se encuentren en situación de&#xd;
vulnerabilidad económica. Esta prestación nace con el objetivo de prevenir el riesgo&#xd;
de pobreza y exclusión social en España, reducir las desigualdades sociales y alcanzar&#xd;
el denominado “Estado Social”, que garantice la libertad e igualdad de los ciudadanos.&#xd;
Mediante el desarrollo teórico y estadístico-descriptivo realizado en las siguientes&#xd;
páginas se desglosarán las características y grandes cifras del IMV y otras prestaciones&#xd;
no contributivas similares. Así, el lector podrá comprender el funcionamiento, la&#xd;
naturaleza y la magnitud de la prestación dentro del sistema de protección social&#xd;
español. La revisión de la legislación y de las estadísticas de la Seguridad Social, junto&#xd;
a una breve comparación internacional y la presentación de una serie de ejemplos&#xd;
prácticos de aplicación, supondrá no solo una radiografía relativamente completa del&#xd;
Ingreso Mínimo Vital, si no de la acción protectora de la Seguridad Social en general.</subfield>
   </datafield>
   <datafield ind1="8" ind2=" " tag="024">
      <subfield code="a">https://hdl.handle.net/10630/26591</subfield>
   </datafield>
   <datafield tag="653" ind2=" " ind1=" ">
      <subfield code="a">Salario  social - Trabajos Fin de Grado</subfield>
   </datafield>
   <datafield ind2="0" ind1="0" tag="245">
      <subfield code="a">El Ingreso Mínimo Vital y otras prestaciones</subfield>
   </datafield>
</record>
</metadata></record></GetRecord></OAI-PMH>